Spy Wars : (Record no. 616982)

MARC details
000 -LEADER
fixed length control field 00453nam a2200181 a 4500
008 - FIXED-LENGTH DATA ELEMENTS--GENERAL INFORMATION
fixed length control field 260305s2007##################000#0#eng##
020 ## - INTERNATIONAL STANDARD BOOK NUMBER
ISBN 9780300136241
082 04 - DEWEY DECIMAL CLASSIFICATION NUMBER
Classification number 327.1247073
Item number BAG
100 1# - MAIN ENTRY--AUTHOR NAME
Personal name Bagley, Tennent H.,
245 10 - TITLE STATEMENT
Title Spy Wars :
260 ## - PUBLICATION, DISTRIBUTION, ETC. (IMPRINT)
Year of publication 2007.
650 #0 - SUBJECT ADDED ENTRY--TOPICAL TERM
Topical Term Espionage, American.
942 ## - ADDED ENTRY ELEMENTS (KOHA)
Koha item type English Books
Holdings
Withdrawn status Lost status Damaged status Not for loan Home library Current library Shelving location Date acquired Full call number Accession Number Price effective from Koha item type
        Anna Centenary Library Anna Centenary Library 3RD FLOOR, B WING 05.03.2026 327.1247073 BAG 124208 05.03.2026 English Books

Find us on the map